000 00449nam a22001817a 4500
003 MPLRDC
005 20220104143347.0
008 210129b ||||| |||| 00| 0 eng d
020 _a7-5041-1285-2
082 _a310.7 ZXS
100 _a张旭昭等主编
245 _a小学数学基础测试与难题求解
_c
250 _a一版一刷
260 _a
_b教育科学出版社
_c1993
300 _b
650 _a
942 _cBK
_o310.7 ZXS
999 _c39148
_d39138